Online
Catalog

Unforgotten years / (Record no. 18675)

MARC details
000 -CABECERA
campo de control de longitud fija 00795cam a2200229 a 4500
001 - NÚMERO DE CONTROL
campo de control 000019157
005 - FECHA Y HORA DE LA ÚLTIMA TRANSACCIÓN
campo de control 20200929165933.0
008 - DATOS DE LONGITUD FIJA--INFORMACIÓN GENERAL
campo de control de longitud fija 720728s1939 mau 000 e eng d
040 ## - FUENTE DE LA CATALOGACIÓN
Centro catalogador/agencia de origen DO-SdBNP
Centro/agencia transcriptor ODaWU
Centro/agencia modificador OCoLC
-- OKentU
-- DLC
-- BNPHU
082 ## - NÚMERO DE LA CLASIFICACIÓN DECIMAL DEWEY
Número de clasificación 814.52
Número de documento/Ítem S642u
049 ## - FONDOS LOCALES (OCLC)
Fondos de biblioteca BNGR
100 1# - ENTRADA PRINCIPAL--NOMBRE DE PERSONA
Nombre de persona Smith, Logan Pearsall,
Fechas asociadas al nombre 1865-1946.
9 (RLIN) 41232
245 10 - MENCIÓN DE TÍTULO
Título Unforgotten years /
Mención de responsabilidad, etc. Logan Pearsall Smith.
260 ## - PUBLICACIÓN, DISTRIBUCIÓN, ETC.
Lugar de publicación, distribución, etc. Boston :
Nombre del editor, distribuidor, etc. Little, Brown and Company,
Fecha de publicación, distribución, etc. 1939.
300 ## - DESCRIPCIÓN FÍSICA
Extensión 295, [296] p. ;
Dimensiones 21 cm.
500 ## - NOTA GENERAL
Nota general Reminiscences.
500 ## - NOTA GENERAL
Nota general "Published January 1939; reprinted January 1939 (twice)
600 10 - PUNTO DE ACCESO ADICIONAL DE MATERIA--NOMBRE DE PERSONA
Nombre de persona Smith, Logan Pearsall,
Fechas asociadas al nombre 1865-1946.
9 (RLIN) 41232
650 #4 - PUNTO DE ACCESO ADICIONAL DE MATERIA--TÉRMINO DE MATERIA
Término de materia o nombre geográfico como elemento de entrada Ensayos estadounidense
9 (RLIN) 12485
650 #4 - PUNTO DE ACCESO ADICIONAL DE MATERIA--TÉRMINO DE MATERIA
Término de materia o nombre geográfico como elemento de entrada Literatura estadounidense
Subdivisión cronológica SIGLO XX
9 (RLIN) 6874
910 ## - DATOS DE OPCIÓN DEL USUARIO (OCLC)
Datos de opción del usuario Catalogación derivada / LC
Holdings
Estado de retiro Estado de pérdida Restricciones de uso No para préstamo Código de colección Localización permanente Ubicación/localización actual Ubicación en estantería Fecha de adquisición Número de inventario Total de préstamos Signatura topográfica completa Código de barras Fecha visto por última vez Precio válido a partir de Tipo de ítem Koha
        Monografías: Libros y Folletos General General En catalogación 27.05.2010 LF1   814.52 S642u 19157-10 25.06.2020 25.06.2020 Préstamo en sala

Powered by Koha